| 000 | 01135nam a22003497a 4500 | ||
|---|---|---|---|
| 001 | 000034614 | ||
| 003 | CHAP | ||
| 005 | 20220329135253.0 | ||
| 008 | 971013s1983 r 00010 d | ||
| 010 | _a33560 | ||
| 011 | _a34532 | ||
| 035 | _a38648 | ||
| 040 | _cCHAP | ||
| 090 | _aFolleto 8257 | ||
| 100 | 0 | 0 |
_aOcádiz García, Javier. _982719 |
| 245 | 1 | 0 | _aEnfermedades infecciosas y parasitarias de los animales de producción. |
| 260 |
_aChapingo, Méx. : _bUACH. Departamento de Zootecnia, _c1983. |
||
| 300 | _a67 h. | ||
| 590 |
_aBATCH-UPD _b10 _c20130110 _lUCH01 _h1414 |
||
| 590 |
_aBATCH-UPD _b10 _c20130410 _lUCH01 _h0859 |
||
| 590 |
_aBATCH-UPD _b10 _c20130914 _lUCH01 _h1849 |
||
| 590 |
_aCONVERSION _b10 _c20130109 _lUCH01 _h1319 |
||
| 590 |
_aE5995AHE _b05 _c20150209 _lUCH01 _h1149 |
||
| 650 | 1 | 4 |
_aAnimales _xParasitos. _95869 |
| 650 | 1 | 4 |
_aPatología veterinaria. _986194 |
| 901 | _aBK | ||
| 942 | _cFOLL | ||
| 942 | _n0 | ||
| 949 |
_aFolleto 8257 _bBC _cFOLL _d-88373 _eTS1 _i38648 _si |
||
| 949 |
_aFolleto 8257 _bBC _cFOLL _d-88374 _eTS2 _fc.2 _i38648 _si |
||
| 949 |
_aFolleto 8257 _bBC _cUACH _d-88375 _eUACH _fc.3 _i38648 _si |
||
| 999 |
_c33560 _d33560 |
||